000 00715nam a2200265Ia 4500
001 Para_6511
003 CHAP
008 220125s1981 xx 000 0 und d
010 _a205369
040 _cCHAP
090 _aPA FOLLETO 517
110 _aInstituto Nacional de Investigaciones Agrícolas (México). CIAPAC
_9164327
245 _aMelón /
_c por INIA. CIAPAC
260 _as.l. :
_b El Instituto
300 _a1 hoja desplegable
440 _aDesplegable CIAPAC; 8
_9171394
650 _aMelón
_974434
901 _aPA FOLLETO 517
902 _aA
905 _a0000001981 0000000000 00
910 _a1981
942 _cPARA
942 _cPARA
_d1
999 _c205369
_d205369